Quizzes
Events
Quiz Creation
Community
Videos
Private Events
Remove Ads
Sign In
Join for FREE
Feedback
Dark Mode
Quiz Categories
Sports
Geography
Music
Movies
Television
Just For Fun
Miscellaneous
History
Literature
Language
Science
Gaming
Entertainment
Religion
Holiday
For Kids
Quiz Lab
Recent
Popular Today
Quiz Kudos Today
Editor Picks
Curator Picks
Quizzes by...
Day
Popularity
Type
Ratings
Length
Year
Community
Subscriptions
Recent Discussions
Orange Saloon
Badges
Playlists
Quests
Create
Leaderboards
Showdown
Live 5
Trivia Bingo
Activity
Puzzle Library
Sporcle Events
Private Events
Virtual Trivia
Globe League
Become a Host
Pub Owners
SporcleCon
Opinionation
Our Games
Videos
Blog
Mobile Apps
Partnerships
Remove Ads and Go Orange
Feedback
Sports
Athletes
MLB
NBA
NHL
NFL
Soccer
Sports Teams
WWE
NCAA
Football
Premier League
Basketball
Baseball
Hockey
Golf
Tennis
Cricket
Rugby
Auto Racing
Olympics
World Cup
Sports
Athletes
MLB
NBA
NHL
NFL
Soccer
Sports Teams
WWE
NCAA
Football
Premier League
Basketball
Baseball
Hockey
Golf
Tennis
Cricket
Rugby
Auto Racing
Olympics
World Cup
Random Quiz
Search Sporcle
×
Quiz Lab
Quiz Lab
Sports
NHL
Type in answers that appear in a list
Type in answers that appear in a list
Classic
Best Score? Go Orange.
NHL: Top 25 Stats
Can you name the top 25 NHL players that fit into each of these 8 categories?
By
Bdogrox2
17m
200 Questions
540 Plays
540 Plays
540 Plays
Comments
Comments
Give Quiz Kudos
Give Quiz Kudos
-
- Ratings
hide this ad
More Info
Replay
Link that replays current quiz
Next Quiz
Link to next quiz in quiz playlist
You Got
0%
They Got
Avg Score
72%
Avg Friend Score
Upgrade to see
Score Distribution
Jump to the score distribution portion of the page
Score
0/200
Timer
17:00
0
Plays Today
% Correct
Wayne Gretzky
98.9%
Wayne Gretzky
98.9%
Wayne Gretzky
98.9%
Wayne Gretzky
98.9%
Wayne Gretzky
98.9%
Wayne Gretzky
98.9%
Wayne Gretzky
98.9%
Wayne Gretzky
98.9%
Mark Howe, Rod Brind'Amour, Bernie Nicholls, Doug Smail, Jeremy Roenick, Martin St. Louis or Todd Marchant
97.6%
Gordie Howe
97.2%
Gordie Howe
97.2%
Gordie Howe
97.2%
Gordie Howe
97.2%
Mark Howe
96.9%
Mark Messier
95.4%
Mark Messier
95.4%
Mark Messier
95.4%
Mark Messier
95.4%
Mark Messier
95.4%
Mark Messier
95.4%
Mark Messier
95.4%
Brett Hull
93.5%
Bobby Hull
93.5%
Brett Hull
93.5%
Brett Hull
93.5%
Brett Hull
93.5%
Mario Lemieux
93.1%
Mario Lemieux
93.1%
Mario Lemieux
93.1%
Mario Lemieux
93.1%
Mario Lemieux
93.1%
Jaromir Jagr
92.6%
Jaromir Jagr
92.6%
Jaromir Jagr
92.6%
Jaromir Jagr
92.6%
Jaromir Jagr
92.6%
Steve Yzerman
91.7%
Steve Yzerman
91.7%
Steve Yzerman
91.7%
Steve Yzerman
91.7%
Steve Yzerman
91.7%
Steve Yzerman
91.7%
Steve Yzerman
91.7%
Joe Sakic
88%
Joe Sakic
88%
Joe Sakic
88%
Joe Sakic
88%
Joe Sakic
88%
Joe Sakic
88%
Phil Esposito
87%
Phil Esposito
87%
Phil Esposito
87%
Phil Esposito
87%
Phil Esposito
87%
Jari Kurri
86.9%
Jari Kurri
86.9%
Bobby Orr
86.9%
Jari Kurri
86.9%
Ron Francis
86.5%
Ron Francis
86.5%
Ron Francis
86.5%
Ron Francis
86.5%
Ron Francis
86.5%
Paul Coffey
85.9%
Paul Coffey
85.9%
Paul Coffey
85.9%
Teemu Selanne
85%
% Correct
Teemu Selanne
85%
Teemu Selanne
85%
Raymond Bourque
83.5%
Marcel Dionne
83.5%
Raymond Bourque
83.5%
Marcel Dionne
83.5%
Marcel Dionne
83.5%
Raymond Bourque
83.5%
Raymond Bourque
83.5%
Marcel Dionne
83.5%
Raymond Bourque
83.5%
Marcel Dionne
83.5%
Guy Lafleur
83.3%
Guy Lafleur
83.3%
Guy Lafleur
83.3%
Mike Bossy
81.7%
Mike Bossy
81.7%
Mike Bossy
81.7%
Mike Modano
81.3%
Mike Modano
81.3%
Mike Modano
81.3%
Mike Modano
81.3%
Mike Modano
81.3%
Luc Robitaille
79.4%
Luc Robitaille
79.4%
Luc Robitaille
79.4%
Luc Robitaille
79.4%
Luc Robitaille
79.4%
Bryan Trottier
78.9%
Bryan Trottier
78.9%
Bryan Trottier
78.9%
Brendan Shanahan
78.7%
Brendan Shanahan
78.7%
Brendan Shanahan
78.7%
Brendan Shanahan
78.7%
Brendan Shanahan
78.7%
Adam Oates
78.1%
Adam Oates
78.1%
Mark Recchi
77%
Mark Recchi
77%
Mark Recchi
77%
Mark Recchi
77%
Mark Recchi
77%
Mats Sundin
76.9%
Mats Sundin
76.9%
Mats Sundin
76.9%
Nicklas Lidstrom
76.7%
Mike Gartner
76.1%
Mike Gartner
76.1%
Mike Gartner
76.1%
Mike Gartner
76.1%
Stan Mikita
75.9%
Stan Mikita
75.9%
Jeremy Roenick
75.6%
Dave Andreychuk
75.4%
Dave Andreychuk
75.4%
Dave Andreychuk
75.4%
Dave Andreychuk
75.4%
Chris Chelios
74.1%
Chris Chelios
74.1%
Larry Robinson
73.3%
Scott Stevens
71.9%
Bobby Clarke
71.9%
Bobby Clarke
71.9%
Scott Stevens
71.9%
Bobby Clarke
71.9%
Denis Savard
70%
% Correct
Serge Savard
70%
Al MacInnis
69.6%
Al MacInnis
69.6%
Al MacInnis
69.6%
Dale Hawerchuk
69.4%
Dale Hawerchuk
69.4%
Dale Hawerchuk
69.4%
Dale Hawerchuk
69.4%
Doug Gilmour
68.9%
Doug Gilmour
68.9%
Doug Gilmour
68.9%
Sergei Fedorov
68.7%
Sergei Fedorov
68.7%
Pavel Bure
68%
Rod Brind'Amour
67.2%
Dino Ciccarelli
67%
Dino Ciccarelli
67%
Dino Ciccarelli
67%
Denis Potvin
66.3%
John Bucyk
63.7%
John Bucyk
63.7%
John Bucyk
63.7%
Joe Nieuwendyk
61.5%
Joe Nieuwendyk
61.5%
Keith Tkachuk
61.5%
Gilbert Perreault
59.8%
Pierre Turgeon
59.1%
Theoren Fleury
58%
Phil Housley
57%
Phil Housley
57%
Phil Housley
57%
Larry Murphy
56.5%
Larry Murphy
56.5%
Dallas Smith
55.2%
Darryl Sittler
55%
Alex Delvecchio
52.2%
Alex Delvecchio
52.2%
Peter Bondra
52.2%
Pat Verbeek
46.3%
Pat Verbeek
46.3%
Bill Barber
46.1%
Bill Barber
46.1%
Steve Shutt
44.1%
Rob Blake
42.2%
Brian Bellows
41.7%
Jacques Lemaire
41.3%
Brian Propp
36.5%
Brad Park
33.3%
Guy Lapointe
33.3%
Guy Carbonneau
30.2%
Tim Horton
28%
Butch Goring
24.6%
Derek Sanderson
23.5%
Esa Tikkanen
21.3%
Glen Wesley
19.6%
Scott Mellanby
18%
Brian Rolston
17.4%
Russ Courtnall
17.2%
Dave Poulin
16.9%
Brad McCrimmon
15.9%
Luke Richardson
13.9%
Craig MacTavish
12.8%
Craig Ramsay
10.2%
Dirk Graham
9.8%
Dave Reid
9.6%
Bill Hajt
7.4%
Quiz Playlist
Details
Report
Send in Message
Add To Playlist
More Info:
I did not tell if a player is active or is in the H-O-F. SO DON'T COMPLAIN!
Classic:
Type in answers that appear in a list
Quiz Source
Last Updated: Feb 16, 2017
Quiz Scoreboard
CHALLENGE
Sign Up to Join the Scoreboard
Show All
Scores
Hide
Comments
May contain spoilers
Recently Published
Decade Duel: World Leaders
by jenniferyan
History
4m
Alphabetical 'K' Countries by Flag Minefield
by ylime102
Geography
3m
Pick 6: Fruits
by JohnFran
Miscellaneous
15s
More to Explore
Quiz From the Vault
Featured Blog Post
15 Basketball Trivia Facts You Can Be March Mad About
hide this ad
You Might Also Like...
Tags
NHL Quiz
Category
fit
Player
Today's Top Quizzes in Sports
Browse Sports
hide this ad
Today's Top Quizzes in NHL
Browse NHL
Top Contributed Quizzes in Sports
1
Les joueurs à 100 buts en Ligue 1 Uber Eats
2
2022 World Cup Stars
3
Pick 6: NFL Teams
4
MLB 2 truths and a lie: Hall of Fame pitchers
5
Pick 6: Minor League Baseball
6
Millionaire: NBA Finals Edition
7
Pick 6: Olympics
8
Click the 1998 NBA Draft
9
Criteria MLB: Left Handed Sluggers
10
NBA Logic Puzzle 2.0
Explore More
Trending Topics
Kpop
Anime
NBA
Marvel
Harry Potter
Crossword
Disney
Pokémon
The Office
Soccer
WWE
Puzzle
Country
Song
NFL
hide this ad
More By:
Bdogrox2
Quiz
Plays
Rating
Category
Featured
Created
NBA +50% H-O-F Probability (Active) [Clickable Mines]
180,000
2.83
Sports
Apr 7, 2012
NBA Most Top 5 Finishes (Points)
72,297
4.74
Sports
Aug 18, 2015
Champions From The Last 25 Years
34,032
4.20
Sports
Jul 1, 2010
NBA +99.99% H-O-F Probability (Clickable Minefield)
31,271
2.13
Sports
Apr 8, 2012
MLB $125M+ Career Salary (Clickable Quiz)
17,678
4.07
Sports
Apr 8, 2012
Go to Creator's Profile
Score Distribution
Quiz Creator Spotlight
Bdogrox2
Follow
Send a Message
Quizzes Created
-
Created Quiz Play Count
-
More By This Creator
Popular Quizzes Today
1
Countries of Asia Without Outlines Minefield
2
Find the US States - No Outlines Minefield
3
Pick 6: Fruits
4
The Countries of the World
5
Alphabetical 'K' Countries by Flag Minefield
6
Find the Countries of Europe - No Outlines Minefield
7
US States
8
Find the US States
More Sports Quizzes
Picture Click: Super Bowl TD Passes
Quiz Lab
Trending Quizzes
Pick 6: Mountains
Pick 6: Harry Potter
Pick 6: Flags
Pick 6: NFL Teams
Pick 6: Movie Franchises
Recently Updated
Adaptations: Name the Title
pecheneg
NWSL Teams
pecheneg
Women's Final Four Teams by Year
bhenderson79
Presidents Quartet II
eogle
Anything But Clue(do)
eogle
Anything But Oceanian Capitals
eogle
Anything But 7
eogle
Anything But Thing
eogle
Word Ladder: February 29
pecheneg
Song Title Questions
pecheneg
Trending Topics
Marvel
Disney
Kpop
NBA
Crossword
Anime
Harry Potter
Puzzle
WWE
Soccer
NFL
The Office
Song
Country
Pokémon
Your Account Isn't Verified!
In order to create a playlist on Sporcle, you need to verify the email address you used during registration. Go to your
Sporcle Settings
to finish the process.
Report this User
Report this user for behavior that violates our
Community Guidelines
.
Details:
Send Report
Go to the Sporcle.com Mobile Site →
Comments